000 01025nam a22001577a 4500
003 SGT
020 _a9788180522758
082 _a658,MOS
100 _aMOSHAL B.S.
245 _aPRINCIPLES OF MANAGEMENT
260 _aNEW DELHI
_bANE BOOKS
_c2009
300 _a548
650 _aMANAGEMENT
653 _aCONCEPTUAL FRAMEWORK OF MANAGEMENT, MANAGEMENT PROCESS, ROLES AND FUNCTIONAL AREAS, ORGANISATION AND MANAGEMENT: HISTORICAL PERSPECTIVE, PLANNING FUNCTION OF MANAGEMENT, PLANS: TYPES AND TECHNIQUES, BUSINESS POLICY AND STRATEGY FORMULATION, DECISION MAKING IN AN ORGANISATION, ORGANISATIONAL DESIGN AND PROCESS, HORIZONTAL DIMENSION: DEPARTMENTALISATION, VERTICAL DIMENSION: AUTHORITY AND ITS DELEGATION, ORGANISATIONAL STRUCTURES, MOTIVATING PEOPLE AT WORK, LEADERSHIP IN AN ORGANISATION, COMMUNICATION NETWORK IN AN ORGANISATION, CONTROLLING PROCESS IN AN ORGANISATION, CONTROLLING TECHNIQUES AND COORDINATION, MANAGEMENT OF ORGANISATIONAL CHANGE AND DEVELOPMENT, MANAGEMENT CASE STUDY METHOD.
942 _2ddc
_cFCM
999 _c9441
_d9441